Normal view
MARC view
- الدروبي،طه كاسب/اعداد
Entry Personal Name
001 - CONTROL NUMBER
- control field: 9706
003 - CONTROL NUMBER IDENTIFIER
- control field: JO-AjAnu
005 - DATE AND TIME OF LATEST TRANSACTION
- control field: 20230606071848.0
008 - FIXED-LENGTH DATA ELEMENTS
- fixed length control field: 230606|| aca||aabn | a|a d
040 ## - CATALOGING SOURCE
- Original cataloging agency: JO-AjAnu
- Transcribing agency: JO-AjAnu
100 ## - HEADING--PERSONAL NAME
- Personal name: الدروبي،طه كاسب/اعداد
670 ## - SOURCE DATA FOUND
- Source citation: Work cat.: (JO-AjAnu)5005: الدروبي،طه كاسب/اعداد, author, كيف تحلل شخصية جليسك:إقرأ ما يدور في ذهن جليسك من إيماءاته